Nazar-e- Aqidat Bahazoor Ghous ul Azam (R.A): (Record no. 606813)
[ view plain ]
| 000 -LEADER | |
|---|---|
| fixed length control field | 00376nam a22001337a 4500 |
| 082 ## - DEWEY DECIMAL CLASSIFICATION NUMBER | |
| Classification number | 297.44 |
| Author Mark | NAZ |
| 245 ## - TITLE STATEMENT | |
| Title | Nazar-e- Aqidat Bahazoor Ghous ul Azam (R.A): |
| Remainder of title | Majmua-i-Maqalat seminar Ghous ul Azam (R.A) |
| 260 ## - PUBLICATION, DISTRIBUTION, ETC. | |
| Place of publication, distribution, etc. | Faisalabad: |
| Name of publisher, distributor, etc. | Al-Baghdad Printers; |
| Date of publication, distribution, etc. | 2007. |
| 300 ## - PHYSICAL DESCRIPTION | |
| Extent | 220p. |
| 563 ## - BINDING INFORMATION | |
| Binding note | PB |
| 650 ## - SUBJECT ADDED ENTRY--TOPICAL TERM | |
| Topical term or geographic name entry element | Sufism |
| 650 ## - SUBJECT ADDED ENTRY--TOPICAL TERM | |
| Topical term or geographic name entry element | Saints |
| 942 ## - ADDED ENTRY ELEMENTS (KOHA) | |
| Source of classification or shelving scheme | |
| Koha item type | Book |
| 650 ## - SUBJECT ADDED ENTRY--TOPICAL TERM | |
| -- | 6129 |
| 650 ## - SUBJECT ADDED ENTRY--TOPICAL TERM | |
| -- | 119675 |
| Withdrawn status | Lost status | Source of classification or shelving scheme | Materials specified (bound volume or other part) | Damaged status | Not for loan | Permanent Location | Current Location | Date acquired | Source of acquisition | Total Checkouts | Full call number | Barcode | Date last seen | Price effective from | Koha item type |
|---|---|---|---|---|---|---|---|---|---|---|---|---|---|---|---|
| Donated by Rector Sectt NUST Islamabad | Central Library (CL) | Central Library (CL) | 11/22/2023 | Donation | 297.44 NAZ | CL-D-2528 | 01/04/2024 | 11/22/2023 | Book | ||||||
| Donated by Rector Sectt NUST Islamabad | Central Library (CL) | Central Library (CL) | 11/23/2023 | Donation | 297.44 NAZ | CL-D-2527 | 11/23/2023 | 11/23/2023 | Book |
